Layl lahu ākhir (Record no. 47557)
[ view plain ]
| 000 -LEADER | |
|---|---|
| fixed length control field | 00583cam a22002051 4500 |
| 001 - CONTROL NUMBER | |
| control field | ne 64002843 |
| 003 - CONTROL NUMBER IDENTIFIER | |
| control field | DLC |
| 005 - DATE AND TIME OF LATEST TRANSACTION | |
| control field | 20260227111806.0 |
| 008 - FIXED-LENGTH DATA ELEMENTS--GENERAL INFORMATION | |
| fixed length control field | 900618s1964 ua a 000 1 ararc |
| 010 ## - LIBRARY OF CONGRESS CONTROL NUMBER | |
| LC control number | ne 64002843 |
| 025 ## - OVERSEAS ACQUISITION NUMBER | |
| Overseas acquisition number | PL480:UAR-4594 |
| 035 ## - SYSTEM CONTROL NUMBER | |
| System control number | (OCoLC)21881930 |
| 040 ## - CATALOGING SOURCE | |
| Original cataloging agency | Princeton Univ. Libr. |
| Transcribing agency | WaU |
| Modifying agency | DLC |
| 042 ## - AUTHENTICATION CODE | |
| Authentication code | premarc |
| 050 00 - LIBRARY OF CONGRESS CALL NUMBER | |
| Classification number | PJ7862.I35 |
| Item number | L3 |
| 100 1# - MAIN ENTRY--PERSONAL NAME | |
| Personal name | Sibāʻī, Yūsuf. |
| 245 10 - TITLE STATEMENT | |
| Title | Layl lahu ākhir |
| Statement of responsibility, etc. | [taʼlīf] Yūsuf al-Sibāʻī. |
| 260 ## - PUBLICATION, DISTRIBUTION, ETC. | |
| Place of publication, distribution, etc. | [al-Qāhirah] |
| Name of publisher, distributor, etc. | Muʼassasat al-Khānjī |
| Date of publication, distribution, etc. | [1964] |
| 300 ## - PHYSICAL DESCRIPTION | |
| Extent | 2 v. (977 p.) |
| Other physical details | illus. |
| Dimensions | 20 cm. |
No items available.